اسلامی اصول صحت / (Record no. 174256)

MARC details
000 -LEADER
fixed length control field 00681nam a22002297a 4500
005 - DATE AND TIME OF LATEST TRANSACTION
control field 20200528150844.0
010 ## - LCCN (DPL NO)
LC control number B-122736
020 ## - INTERNATIONAL STANDARD BOOK NUMBER
Terms of availability 65.00
International Standard Book Number 8183140122
035 ## - SYSTEM CONTROL NUMBER
System control number B-122736
037 ## - SOURCE OF ACQUISITION
Source of stock number/acquisition Cen Lib/Ret
082 ## - DEWEY DECIMAL CLASSIFICATION NUMBER
Classification number 615.852
100 ## - MAIN ENTRY--PERSONAL NAME
Personal name ف‏ضل کريم فارانی
245 ## - TITLE STATEMENT
Title اسلامی اصول صحت /
Statement of responsibility, etc ف‏ضل کريم فارانی
246 ## - VARYING FORM OF TITLE
Title proper/short title Islami Usool-E-Sehat /
Remainder of title by Fazle Kareem Farani
260 ## - PUBLICATION, DISTRIBUTION, ETC. (IMPRINT)
Date of publication, distribution, etc 2005 ء
300 ## - PHYSICAL DESCRIPTION
Extent 192p.
Dimensions 21cm(Hb)
650 ## - SUBJECT ADDED ENTRY--TOPICAL TERM
Topical term or geographic name as entry element ادب ہندی
650 ## - SUBJECT ADDED ENTRY--TOPICAL TERM
Topical term or geographic name as entry element ہندی سیکولر -- معمار
650 ## - SUBJECT ADDED ENTRY--TOPICAL TERM
Topical term or geographic name as entry element Hindi literaure
650 ## - SUBJECT ADDED ENTRY--TOPICAL TERM
Topical term or geographic name as entry element Hindi secular
942 ## - ADDED ENTRY ELEMENTS (KOHA)
Source of classification or shelving scheme Dewey Decimal Classification
Item type Urdu Bks
Classification part 615.852
Call number suffix ف ض ل
Holdings
Withdrawn status Lost status Not for loan Collection code Home library Current library Date acquired Source of acquisition Cost, normal purchase price Full call number Barcode Copy number Cost, replacement price Koha item type
      Non-fiction Central Library Central Library 28/05/2020 BPPD/Ven. 65.00 615.852 ف ض ل B-122736 1 65.00 Urdu Bks

© Delhi Public Library
Hit Counter
free hit counter